[Event "World Blitz 2016"]
[Site "Doha QAT"]
[Date "2016.12.29"]
[Round "3.39"]
[White "Belyakov, Bogdan"]
[Black "Aronian, Levon"]
[Result "1/2-1/2"]
[WhiteTitle "IM"]
[BlackTitle "GM"]
[WhiteElo "2487"]
[BlackElo "2785"]
[WhiteFideId "24104795"]
[BlackFideId "13300474"]
[EventDate "2016.12.29"]

1. e4 e5 2. Nf3 Nc6 3. Bc4 Bc5 4. b4 Bb6 5. Nc3 Nf6 6. O-O d6 7. Nd5 Nxd5 8.
exd5 Ne7 9. d4 exd4 10. Nxd4 O-O 11. Bb2 Ng6 12. a4 a5 13. bxa5 Bxa5 14. Nb3 Bb6
15. a5 Ba7 16. Bd3 Qg5 17. Qf3 Ne5 18. Qg3 Qxg3 19. hxg3 Nxd3 20. cxd3 Bf5 21.
Rfd1 Rfc8 22. Rac1 Bd7 23. Re1 Kf8 24. Ba3 Bb8 25. Bb4 Re8 26. Re4 Ra6 27. Nd4
c5 28. dxc6 bxc6 29. Rxe8+ Kxe8 30. Re1+ Kd8 31. Bc3 Bc7 32. Rb1 Bxa5 33. Bxa5+
Rxa5 34. Rb8+ Ke7 35. Rb7 Rc5 36. f3 h5 37. Kf2 g6 38. Ke3 Kd8 39. Ra7 Re5+ 40.
Kd2 Rg5 41. Ne2 Rb5 42. Ke3 Rb2 43. Ra8+ Ke7 44. Ra7 d5 45. d4 Kd6 46. Ra8 Rb3+
47. Kf2 Bf5 48. Ra7 Rb2 49. Ke3 Rb3+ 50. Kf2 Be6 51. Nf4 Rb2+ 52. Ke3 g5 53.
Nxh5 Rxg2 54. Nf6 c5 55. Ne8+ Kc6 56. Rc7+ Kb5 57. Rxc5+ Kb6 58. g4 Ra2 59. Rc3
Ra7 60. Nf6 Re7 61. Kf2 Kb5 62. Nxd5 Bxd5 63. Rc5+ Kb4 64. Rxd5 Kc4 65. Rxg5
Kxd4 66. Rf5 Ra7 67. Kg3 Ke3 68. Re5+ Kd4 69. Re8 Kd5 70. Kf4 Ra3 71. Re7 f6 72.
Re3 Ra5 73. Kf5 Kd4+ 74. Kf4 Kd5 75. Re1 Kd6 76. Kg3 Ra3 77. Re2 Rb3 78. Kf4 Rb5
79. Re3 Ra5 80. Re2 Rb5 81. Re3 Ra5 1/2-1/2

[Event "World Blitz 2016"]
[Site "Doha QAT"]
[Date "2016.12.29"]
[Round "3.40"]
[White "Melkumyan, Hrant"]
[Black "Henriquez Villagra, Cristobal"]
[Result "1-0"]
[WhiteTitle "GM"]
[BlackTitle "IM"]
[WhiteElo "2633"]
[BlackElo "2517"]
[WhiteFideId "13302485"]
[BlackFideId "3409350"]
[EventDate "2016.12.29"]

1. Nf3 d5 2. d4 Nf6 3. Bf4 c5 4. e3 Nc6 5. Nbd2 e6 6. c3 Bd6 7. Bg3 O-O 8. Bd3
b6 9. Qe2 Bb7 10. Rd1 Ne7 11. e4 dxe4 12. Nxe4 Nxe4 13. Bxe4 Bxe4 14. Qxe4 c4
15. Ne5 Bxe5 16. dxe5 Qc8 17. O-O Qc6 18. Qxc6 Nxc6 19. Rd6 Rac8 20. Rfd1 Rc7
21. Kf1 h6 22. Ke2 Ne7 23. f4 Nd5 24. f5 Re8 25. a4 Rc5 26. Rd4 Nc7 27. Rd8 Kf8
28. f6 g6 29. R4d7 Rxd8 30. Rxd8+ Ne8 31. Ra8 Ra5 32. h4 g5 33. hxg5 hxg5 34.
Kf3 Rxa4 35. Bf2 Ra5 36. Bd4 Rb5 37. Rxa7 Rxb2 38. Ra8 Rb5 39. Rb8 Ra5 40. Kg4
Rd5 41. Kxg5 b5 42. Kf4 1-0

[Event "World Blitz 2016"]
[Site "Doha QAT"]
[Date "2016.12.29"]
[Round "3.41"]
[White "Banikas, Hristos"]
[Black "Darini, Pouria"]
[Result "0-1"]
[WhiteTitle "GM"]
[BlackTitle "GM"]
[WhiteElo "2568"]
[BlackElo "2511"]
[WhiteFideId "4202031"]
[BlackFideId "12502200"]
[EventDate "2016.12.29"]

1. Nf3 Nf6 2. c4 g6 3. g3 Bg7 4. Bg2 O-O 5. O-O d5 6. cxd5 Nxd5 7. d4 Nb6 8. Nc3
Nc6 9. d5 Na5 10. Qc2 c6 11. dxc6 Nxc6 12. Rd1 Qe8 13. h3 Bf5 14. e4 Bd7 15. Nd5
Rc8 16. Nxb6 axb6 17. Qb3 b5 18. Rb1 b4 19. Qe3 Be6 20. b3 Ra8 21. Rd2 Qc8 22.
Bb2 Bxb2 23. Rbxb2 Rd8 24. Rbc2 Rxd2 25. Rxd2 Qc7 26. Qc5 Rd8 27. h4 Rxd2 28.
Nxd2 Qd7 29. Qe3 Qd4 30. Qxd4 Nxd4 31. Bf1 Bg4 32. f4 f6 33. Kf2 Kf7 34. Bc4+
Ke8 35. Ke3 Nc2+ 36. Kf2 e5 37. Bd5 b6 38. fxe5 fxe5 39. Nc4 Nd4 40. Nxe5 Bd1
41. Ke3 0-1

[Event "World Blitz 2016"]
[Site "Doha QAT"]
[Date "2016.12.29"]
[Round "3.42"]
[White "Stratonowitsch, Andre"]
[Black "Volokitin, Andrei"]
[Result "0-1"]
[BlackTitle "GM"]
[WhiteElo "2138"]
[BlackElo "2649"]
[WhiteFideId "24613959"]
[BlackFideId "14107090"]
[EventDate "2016.12.29"]

1. e4 c5 2. Nf3 d6 3. d4 cxd4 4. Nxd4 Nf6 5. f3 e5 6. Nb3 d5 7. Bg5 d4 8. c3 Nc6
9. Bb5 h6 10. Bh4 Qb6 11. Bxc6+ bxc6 12. Bf2 Ba6 13. cxd4 Bb4+ 14. N1d2 exd4 15.
Bxd4 c5 16. Be3 O-O 17. a3 Bxd2+ 18. Bxd2 Rab8 19. Na5 Qxb2 20. Qc1 Qb5 21. Kf2
Qe2+ 22. Kg3 Nh5+ 23. Kh4 Qxg2 24. Bf4 Nxf4 25. Qxf4 g5+ 0-1

[Event "World Blitz 2016"]
[Site "Doha QAT"]
[Date "2016.12.29"]
[Round "3.43"]
[White "Flores, Diego"]
[Black "Kayumov, Sergey"]
[Result "1-0"]
[WhiteTitle "GM"]
[BlackTitle "GM"]
[WhiteElo "2579"]
[BlackElo "2505"]
[WhiteFideId "108049"]
[BlackFideId "14200880"]
[EventDate "2016.12.29"]

1. c4 Nf6 2. Nc3 Nc6 3. g3 g6 4. Bg2 Bg7 5. d4 O-O 6. e3 e5 7. d5 Nb8 8. d6 cxd6
9. Nge2 d5 10. Nxd5 d6 11. Nec3 Nc6 12. O-O Be6 13. Nxf6+ Bxf6 14. b3 Qd7 15.
Ba3 Rfd8 16. Ne4 Be7 17. Bxd6 f5 18. Nc5 Qxd6 19. Qxd6 Rxd6 20. Nxb7 e4 21. Nxd6
Bxd6 22. f3 exf3 23. Bxf3 Rc8 24. Rad1 Bc5 25. Kg2 Ne5 26. h3 Nxf3 27. Kxf3 a5
28. Rd3 Kf7 29. Rfd1 Be7 30. Rd4 Rc7 31. R4d3 Bc8 32. Kf2 Ke6 33. Rd5 Bc5 34.
Rd8 Bd7 35. Ra8 Ba7 36. Rd8 g5 37. Rg8 f4 38. Rxg5 fxe3+ 39. Ke2 Kf6 40. Rxa5
Bxh3 41. Rd6+ Kg7 42. Rg5+ Kf7 43. b4 Re7 44. c5 Bf1+ 45. Kxf1 Bb8 46. Rf5+ Kg7
47. Ke2 Bxd6 48. cxd6 Rd7 49. Rd5 Kf6 50. Kxe3 Ke6 51. Rd3 Ra7 52. d7 1-0

[Event "World Blitz 2016"]
[Site "Doha QAT"]
[Date "2016.12.29"]
[Round "3.44"]
[White "Tregubov, Pavel V."]
[Black "Ghaem Maghami, Ehsan"]
[Result "1/2-1/2"]
[WhiteTitle "GM"]
[BlackTitle "GM"]
[WhiteElo "2585"]
[BlackElo "2574"]
[WhiteFideId "4115341"]
[BlackFideId "12500739"]
[EventDate "2016.12.29"]

1. d4 Nf6 2. c4 e6 3. Nc3 Bb4 4. e3 O-O 5. Bd3 c5 6. Ne2 d5 7. cxd5 exd5 8. a3
cxd4 9. axb4 dxc3 10. Nxc3 Nc6 11. b5 Ne5 12. O-O Bg4 13. Be2 Re8 14. h3 Bxe2
15. Nxe2 Qd7 16. Nd4 Ne4 17. Bd2 Nc4 18. Bc3 a6 19. bxa6 Rxa6 20. Rxa6 Nxc3 21.
bxc3 bxa6 22. Qc2 g6 23. Ra1 a5 24. Qa4 Qxa4 25. Rxa4 Rc8 26. Kf1 Rc5 27. Ke2
Nb6 28. Ra3 a4 29. Kd3 Kg7 30. Ra1 Kf6 31. Nc2 Rb5 32. Nb4 Ke5 33. g4 Kd6 34.
Kd4 Rc5 35. f3 Rc4+ 36. Kd3 Nd7 37. Ra2 Nc5+ 38. Kc2 h5 39. Nd3 Nxd3 40. Kxd3 f5
41. gxh5 gxh5 42. f4 Kc5 43. Kc2 Re4 44. Kd3 Rc4 45. Kc2 Re4 46. Kd3 Kb5 47.
Rb2+ Ka6 48. Rb8 Re7 49. Kd4 Re4+ 50. Kd3 Re7 51. Kd4 Re4+ 52. Kd3 Re7 53. Kd4 1/2-1/2

[Event "World Blitz 2016"]
[Site "Doha QAT"]
[Date "2016.12.29"]
[Round "3.45"]
[White "Mchedlishvili, Mikheil"]
[Black "Quintiliano Pinto, Renato R."]
[Result "0-1"]
[WhiteTitle "GM"]
[BlackTitle "IM"]
[WhiteElo "2601"]
[BlackElo "2484"]
[WhiteFideId "13600966"]
[BlackFideId "2117568"]
[EventDate "2016.12.29"]

1. c4 c5 2. Nf3 Nc6 3. d4 cxd4 4. Nxd4 Nf6 5. g3 e5 6. Nb5 Bb4+ 7. N1c3 d6 8.
Bg2 a6 9. Na3 Bxc3+ 10. bxc3 Be6 11. O-O O-O 12. Rb1 Qc7 13. Qb3 b5 14. Rd1 Rab8
15. Qc2 bxc4 16. Qa4 Rxb1 17. Nxb1 d5 18. Bg5 Nd7 19. Qa3 Rb8 20. Nd2 h6 21. Be3
d4 22. cxd4 Nxd4 23. Bxd4 exd4 24. Nf3 c3 25. Nxd4 c2 26. Rc1 Rb1 27. Bf1 Rxc1
28. Qxc1 Bxa2 29. Qxc2 Qxc2 30. Nxc2 Bc4 31. Na3 Bb5 32. Bh3 Nb6 33. e3 Bd3 34.
f4 Kf8 35. Kf2 Ke7 36. Bg2 Kd6 37. Ke1 Kc5 38. Kd2 Bg6 39. Kc3 a5 40. e4 f6 41.
Nc2 Bf7 42. Ne3 Be6 43. g4 a4 44. f5 Bf7 45. Nc2 Bb3 46. Na3 Nc4 47. Nxc4 Bxc4
48. Bf3 a3 49. Bd1 a2 50. Kb2 Kd4 51. Bc2 Ke3 0-1

[Event "World Blitz 2016"]
[Site "Doha QAT"]
[Date "2016.12.29"]
[Round "3.46"]
[White "Neelotpal, Das"]
[Black "Amin, Bassem"]
[Result "0-1"]
[WhiteTitle "GM"]
[BlackTitle "GM"]
[WhiteElo "2463"]
[BlackElo "2662"]
[WhiteFideId "5003512"]
[BlackFideId "10601457"]
[EventDate "2016.12.29"]

1. e4 e5 2. Nf3 Nc6 3. Bc4 Nf6 4. d3 h6 5. O-O d6 6. c3 g6 7. Re1 Bg7 8. Nbd2
O-O 9. Bb3 Na5 10. Bc2 c5 11. Nf1 Nc6 12. h3 Re8 13. Be3 b6 14. Qd2 Kh7 15. Ng3
d5 16. exd5 Nxd5 17. Qd1 f5 18. Bd2 Bb7 19. Qc1 Qd6 20. h4 Nf4 21. h5 Nxh5 22.
Nxh5 gxh5 23. Nh4 Qf6 24. g3 Kh8 25. Qd1 Ne7 26. Qxh5 Red8 27. Bf4 Qc6 28. Kh2
c4 29. Bxe5 cxd3 30. Bxg7+ Kg8 31. Rxe7 dxc2 32. Qf7+ 0-1

[Event "World Blitz 2016"]
[Site "Doha QAT"]
[Date "2016.12.29"]
[Round "3.47"]
[White "Bindrich, Falko"]
[Black "Atabayev, Yusup"]
[Result "1-0"]
[WhiteTitle "GM"]
[BlackTitle "IM"]
[WhiteElo "2590"]
[BlackElo "2473"]
[WhiteFideId "4676670"]
[BlackFideId "14001128"]
[EventDate "2016.12.29"]

1. d4 Nf6 2. c4 c5 3. d5 a6 4. Qc2 e6 5. e4 exd5 6. exd5 Bd6 7. Nf3 O-O 8. Be2
h6 9. O-O Bc7 10. Nc3 d6 11. Bf4 Nbd7 12. h3 Re8 13. Rfe1 Nf8 14. Bd3 Bd7 15.
Bg3 Rb8 16. a4 Nh5 17. Bh4 Rxe1+ 18. Rxe1 Qc8 19. Kh2 Bd8 20. Bg3 Nxg3 21. fxg3
Ba5 22. Re2 Bxc3 23. bxc3 Qd8 24. Nh4 Qg5 25. Bf5 Be8 26. a5 g6 27. Bd3 Qd8 28.
Qd2 Kg7 29. Qf4 Qf6 30. Qd2 Bd7 31. Qe1 Qd8 32. Qf2 Qf6 33. Qe1 b5 34. cxb5 Bxb5
35. Bxb5 Rxb5 36. Rf2 Qe5 37. Qf1 Qe7 38. Qa1 c4 39. Qd1 Qe3 40. Qf1 Rb7 41. Rf3
Qe4 42. Rf4 Qxd5 43. Rxc4 Ne6 44. Rb4 Ra7 45. Qa1 Qc5 46. Rb6 Ng5 47. c4+ f6 48.
Qd1 Nf7 49. Qd3 Qg5 50. Nf3 Qxa5 51. Rb8 Re7 52. Nd4 Qc7 53. Rb1 Ne5 54. Qa3 Qc5
55. Qa1 Qxc4 56. Rc1 Qd5 57. Rd1 Qc4 58. Qa3 Rd7 59. Qa5 Kf7 60. Qb6 Qc5 61. Qb8
Qc7 62. Qh8 Qd8 63. Qh7+ Ke8 64. Qg8+ Ke7 65. Qg7+ Ke8 66. Qxh6 Qe7 67. Rb1 Rd8
68. Qf4 a5 69. Qf1 Kf7 70. Qa6 Rd7 71. Qxa5 Kg7 72. Qd5 Qf7 73. Ne6+ Kh6 74. Rb8
Kh7 75. Nf8+ Kg7 76. Qa5 Re7 77. Qd8 Nc6 78. Ne6+ Kh6 79. Qh8+ Qh7 80. Qf8+ Rg7
81. Rc8 Ne5 82. Rc7 1-0

[Event "World Blitz 2016"]
[Site "Doha QAT"]
[Date "2016.12.29"]
[Round "3.48"]
[White "Shytaj, Luca"]
[Black "Maghsoodloo, Parham"]
[Result "0-1"]
[WhiteTitle "IM"]
[BlackTitle "GM"]
[WhiteElo "2435"]
[BlackElo "2584"]
[WhiteFideId "812633"]
[BlackFideId "12539929"]
[EventDate "2016.12.29"]

1. e4 c5 2. Nf3 d6 3. Bb5+ Nc6 4. O-O e5 5. Re1 Ne7 6. Nc3 g6 7. d3 Bg7 8. a4
O-O 9. h3 h6 10. Bc4 a6 11. Nd2 Rb8 12. Nf1 Kh7 13. Ne3 f5 14. exf5 gxf5 15.
Ned5 Be6 16. Nxe7 Qxe7 17. Bxe6 Qxe6 18. f4 Qg6 19. Nd5 Rbe8 20. c3 h5 21. Qf3
e4 22. dxe4 fxe4 23. Qf2 Ne5 24. Rf1 Nd3 25. Qh4 Qf7 26. c4 e3 27. Bxe3 Rxe3 28.
Nxe3 Bd4 29. Rf3 Re8 30. Qg3 Rxe3 31. Rxe3 Qe6 32. Rd1 Bxe3+ 33. Kf1 Nxf4 34. b3
Qe4 35. Qf3 Qxf3+ 36. gxf3 Bd4 37. Re1 Be5 38. Rb1 a5 39. h4 Kg6 40. Kf2 Kf5 41.
Ke3 Ng2+ 42. Kd3 Nxh4 43. Rh1 Bg3 44. Ke3 Kg5 45. Rd1 Nf5+ 46. Ke2 h4 47. Kf1
Ne3+ 0-1

[Event "World Blitz 2016"]
[Site "Doha QAT"]
[Date "2016.12.29"]
[Round "3.49"]
[White "Halkias, Stelios"]
[Black "Hirneise, Jens"]
[Result "0-1"]
[WhiteTitle "GM"]
[BlackTitle "FM"]
[WhiteElo "2585"]
[BlackElo "2315"]
[WhiteFideId "4201809"]
[BlackFideId "24614734"]
[EventDate "2016.12.29"]

1. e4 c5 2. Nf3 Nc6 3. Bb5 g6 4. Bxc6 bxc6 5. d4 Bg7 6. dxc5 Qa5+ 7. c3 Qxc5 8.
O-O Nf6 9. Re1 O-O 10. h3 e5 11. b3 Re8 12. Ba3 Qa5 13. Bb4 Qb6 14. Bd6 Nh5 15.
c4 f6 16. Nc3 Bf8 17. Bxf8 Rxf8 18. Qd6 Ng7 19. Rad1 Ne6 20. Re2 a5 21. Red2 Qb4
22. Na4 Rb8 23. g3 Kg7 24. Kg2 Rf7 25. Qxb4 axb4 26. Rd6 Kf8 27. c5 Ke8 28. h4
Ba6 29. h5 Be2 30. hxg6 hxg6 31. Rh1 Bxf3+ 32. Kxf3 Ke7 33. Rd2 Nd4+ 34. Ke3 Ne6
35. f4 exf4+ 36. gxf4 f5 37. e5 g5 38. fxg5 f4+ 39. Kf2 Nxg5 40. Re2 Ne6 41. Rh6
Rg8 42. Re4 Rfg7 43. Rh2 Rg1 44. Rh7+ R8g7 45. Rxg7+ Rxg7 46. Rxb4 Rh7 47. Kg2
Rg7+ 48. Kf2 Rh7 49. Kg2 Rg7+ 50. Kf3 Rg3+ 51. Kf2 Rh3 52. Rb7 Rh2+ 53. Kf3 Rxa2
54. Nc3 Rd2 55. Ne4 Rd3+ 56. Kg4 Rd4 57. Nd6 Nxc5 58. Rb8 Ke6 59. Re8+ Kd5 60.
Re7 Rd3 61. Kxf4 Rxb3 62. Nf5 Rb4+ 63. Kg5 Re4 64. Kf6 Rf4 65. Kg5 Rf2 66. Ne3+
Ke4 67. Ng4 Rg2 68. Kh4 Nd3 69. Rxd7 Rxg4+ 70. Kh5 Nxe5 71. Rc7 Rg1 72. Kh4 Kd5
73. Kh3 c5 74. Kh2 Rg6 75. Rc8 c4 0-1

[Event "World Blitz 2016"]
[Site "Doha QAT"]
[Date "2016.12.29"]
[Round "3.50"]
[White "Perez Ponsa, Federico"]
[Black "Gashimov, Sarkhan"]
[Result "1-0"]
[WhiteTitle "GM"]
[WhiteElo "2585"]
[BlackElo "2351"]
[WhiteFideId "117927"]
[BlackFideId "13400657"]
[EventDate "2016.12.29"]

1. e4 d5 2. exd5 Qxd5 3. Nc3 Qa5 4. d4 Nf6 5. Nf3 Nc6 6. d5 Nb4 7. Bb5+ Bd7 8.
Bxd7+ Nxd7 9. a3 Nf6 10. axb4 Qxa1 11. O-O Qa6 12. Re1 Rd8 13. Bf4 c6 14. Bc7
Rc8 15. d6 e6 16. Ne5 Nd7 17. Nxd7 Kxd7 18. Ne4 b6 19. Ng5 f6 20. Nxe6 1-0

[Event "World Blitz 2016"]
[Site "Doha QAT"]
[Date "2016.12.29"]
[Round "3.51"]
[White "Venkatesh, M.R."]
[Black "Tissir, Mohamed"]
[Result "1-0"]
[WhiteTitle "GM"]
[BlackTitle "IM"]
[WhiteElo "2439"]
[BlackElo "2376"]
[WhiteFideId "5005779"]
[BlackFideId "9000240"]
[EventDate "2016.12.29"]

1. d4 e6 2. e4 d5 3. Nd2 dxe4 4. Nxe4 Nd7 5. Nf3 Be7 6. Bd3 Ngf6 7. Ng3 c5 8. c3
b6 9. O-O Bb7 10. Qe2 Qc7 11. Rd1 O-O 12. Ne5 Rad8 13. Bf4 Nxe5 14. Bxe5 Qc6 15.
f3 Nd7 16. d5 exd5 17. Bxg7 Rfe8 18. Nf5 Bg5 19. Qf2 Ne5 20. Bxe5 Rxe5 21. Qg3
Qf6 22. h4 Rxf5 23. Bxf5 Qxf5 24. Qxg5+ Qxg5 25. hxg5 d4 26. Rd2 d3 27. c4 Ba6
28. Rc1 Rd4 29. b3 Bc8 30. g4 Bb7 31. Kf2 f6 32. gxf6 h6 33. Rcd1 Rd6 34. Rxd3
Rxf6 35. Rd8+ 1-0

[Event "World Blitz 2016"]
[Site "Doha QAT"]
[Date "2016.12.29"]
[Round "3.52"]
[White "Gholami, Aryan"]
[Black "Christiansen, Johan-Sebastian"]
[Result "1/2-1/2"]
[WhiteTitle "IM"]
[BlackTitle "IM"]
[WhiteElo "2422"]
[BlackElo "2429"]
[WhiteFideId "12513342"]
[BlackFideId "1512668"]
[EventDate "2016.12.29"]

1. e4 e6 2. d4 d5 3. Nc3 Nf6 4. e5 Nfd7 5. f4 c5 6. Nf3 Nc6 7. Be3 Be7 8. Be2
O-O 9. O-O f6 10. exf6 Nxf6 11. h3 Nh5 12. Qd2 Ng3 13. Rf2 Ne4 14. Qd3 Nxf2 15.
Kxf2 cxd4 16. Nxd4 e5 17. Nxc6 bxc6 18. Na4 exf4 19. Bd4 Bf5 20. Qc3 Qd7 21. Nc5
Bxc5 22. Qxc5 Rae8 23. Bf3 Be4 24. Bg4 Qb7 25. Qc3 Rf7 26. Kg1 Ref8 27. Rf1 Qa6
28. Be6 Qb7 29. Bxg7 Re8 30. Bxf7+ Qxf7 31. Bh8 Qg6 32. Rf2 f3 33. Kh2 fxg2 34.
Kg1 Rf8 35. Bf6 h5 36. Qe5 Kh7 37. Qe7+ Rf7 38. Qe5 a5 39. c3 a4 40. a3 Qh6 41.
Bg5 Rxf2 42. Kxf2 Qf8+ 43. Bf4 Qc5+ 44. Be3 Qf8+ 45. Bf4 Qf7 46. Kg1 Qg6 47.
Qe7+ Qg7 48. Qe6 c5 49. Be5 Qg6 50. Qe7+ Kg8 51. Qd8+ Kf7 52. Qd7+ Kf8 53. Qd8+
Kf7 54. Qd7+ Kf8 55. Qd8+ Kf7 56. Qd7+ Kf8 57. Qd8+ 1/2-1/2

[Event "World Blitz 2016"]
[Site "Doha QAT"]
[Date "2016.12.29"]
[Round "3.53"]
[White "Hirneise, Tobias"]
[Black "khayat, Abdullah F"]
[Result "1-0"]
[WhiteTitle "IM"]
[WhiteElo "2466"]
[BlackElo "1732"]
[WhiteFideId "24600881"]
[BlackFideId "21500460"]
[EventDate "2016.12.29"]

1. e4 c6 2. d4 d5 3. e5 Bf5 4. Nf3 h6 5. Be2 e6 6. O-O Ne7 7. a4 Bh7 8. a5 Nd7
9. b4 Ng6 10. c3 b6 11. Re1 Be7 12. g3 O-O 13. Bf1 c5 14. Bd2 cxb4 15. cxb4 bxa5
16. bxa5 Rb8 17. Nc3 Bb4 18. Na4 Bxd2 19. Qxd2 Qe7 20. Rec1 Rfc8 21. Ba6 Rxc1+
22. Rxc1 Ngf8 23. Nc5 Nxc5 24. dxc5 Be4 25. Nd4 Nd7 26. Nc6 Qf8 27. Nxb8 Qxb8
28. c6 Nxe5 29. Be2 Qb4 30. Qxb4 1-0

[Event "World Blitz 2016"]
[Site "Doha QAT"]
[Date "2016.12.29"]
[Round "4.2"]
[White "Karjakin, Sergey"]
[Black "Grischuk, Alexander"]
[Result "1-0"]
[WhiteTitle "GM"]
[BlackTitle "GM"]
[WhiteElo "2785"]
[BlackElo "2737"]
[WhiteFideId "14109603"]
[BlackFideId "4126025"]
[EventDate "2016.12.29"]

1. Nf3 c5 2. c4 Nf6 3. b3 g6 4. Bb2 Bg7 5. g3 d6 6. Bg2 e5 7. O-O O-O 8. Nc3 Nc6
9. d3 Ne8 10. Nd2 Nc7 11. a3 Rb8 12. b4 cxb4 13. axb4 Nxb4 14. Qb3 Nba6 15. Ba3
Be6 16. Nde4 b5 17. Bxd6 bxc4 18. Qa4 cxd3 19. Bxf8 dxe2 20. Bxg7 exf1=Q+ 21.
Bxf1 Kxg7 22. Bxa6 Qd4 23. Bf1 a6 24. Qa5 Nb5 25. Ra4 Qb6 26. Qxb6 Rxb6 27. Nxb5
axb5 28. Rb4 Bd7 29. Nc3 f5 30. Bxb5 e4 31. Rb1 Be6 32. Be2 Rc6 33. Nb5 Bf7 34.
Kf1 Kf6 35. Ke1 g5 36. Rd1 Ke5 37. Rd7 Be6 38. Rxh7 Rc1+ 39. Kd2 Rb1 40. Nc3
Rb2+ 41. Kc1 Rb8 42. h4 Kd4 43. Nb5+ Ke5 44. hxg5 Rg8 45. Re7 1-0

[Event "World Blitz 2016"]
[Site "Doha QAT"]
[Date "2016.12.29"]
[Round "4.4"]
[White "Ganguly, Surya Shekhar"]
[Black "Nepomniachtchi, Ian"]
[Result "1/2-1/2"]
[WhiteTitle "GM"]
[BlackTitle "GM"]
[WhiteElo "2668"]
[BlackElo "2767"]
[WhiteFideId "5002150"]
[BlackFideId "4168119"]
[EventDate "2016.12.29"]

1. e4 e6 2. d4 d5 3. Nd2 a5 4. Ngf3 a4 5. a3 Nf6 6. Bd3 c5 7. dxc5 Bxc5 8. Qe2
O-O 9. e5 Nfd7 10. h4 h6 11. g4 f6 12. exf6 Nxf6 13. Ne5 Nc6 14. Nxc6 bxc6 15.
g5 e5 16. gxf6 Qxf6 17. f3 Bd7 18. Kd1 Rae8 19. c3 e4 20. fxe4 Qg6 21. exd5 Qg3
22. Ne4 Rxe4 23. Qxe4 Bf5 24. Bf4 Bg4+ 25. Kc2 Rxf4 26. Qh7+ Kf8 27. Raf1 Bf5
28. Bxf5 Qg2+ 29. Kb1 Rxf1+ 30. Rxf1 Qxf1+ 31. Ka2 Qc4+ 32. Ka1 Qxd5 33. Be4
Qd1+ 34. Ka2 Qb3+ 35. Ka1 Qd1+ 36. Ka2 Qb3+ 37. Ka1 Qd1+ 38. Bb1 Qd5 39. Qg6 Qd6
40. Qf5+ Ke7 41. Qe4+ Kd8 42. Qxa4 g5 43. hxg5 hxg5 44. Qe4 Kc7 45. Bc2 Qf4 46.
Qxf4+ gxf4 47. Be4 Kb6 48. Ka2 Be3 49. b4 c5 50. Kb3 cxb4 51. cxb4 Ka7 52. Bf3
Bb6 53. Kc4 Bd8 54. a4 Bc7 55. Kc5 Bb6+ 56. Kc6 Bd8 57. Kc5 Be7+ 58. Kb5 Bd8 59.
Kc6 Be7 60. Kb5 Bd8 61. a5 Be7 62. Ka4 Bd6 63. b5 Bc7 1/2-1/2

[Event "World Blitz 2016"]
[Site "Doha QAT"]
[Date "2016.12.29"]
[Round "4.6"]
[White "Korobov, Anton"]
[Black "Anand, Viswanathan"]
[Result "1/2-1/2"]
[WhiteTitle "GM"]
[BlackTitle "GM"]
[WhiteElo "2692"]
[BlackElo "2779"]
[WhiteFideId "14105730"]
[BlackFideId "5000017"]
[EventDate "2016.12.29"]

1. d4 Nf6 2. c4 e6 3. Nc3 Bb4 4. e3 O-O 5. Nf3 d5 6. Bd3 c5 7. O-O dxc4 8. Bxc4
cxd4 9. exd4 b6 10. Bg5 Bb7 11. Re1 Nbd7 12. Rc1 Rc8 13. Bd3 h6 14. Bh4 a6 15.
Qe2 b5 16. Ne5 Be7 17. Bg3 b4 18. Na4 Nxe5 19. dxe5 Nd5 20. Bxa6 Bxa6 21. Qxa6
Ra8 22. Qc6 Qa5 23. b3 Nc3 24. Rc2 Rfc8 25. Qd7 Rc7 26. Qd2 Nxa4 27. Rxc7 Qxc7
28. bxa4 Rxa4 29. h3 Qc3 30. Re2 Ra7 31. Kh2 h5 32. h4 Qc4 33. Qc2 Qxc2 1/2-1/2

[Event "World Blitz 2016"]
[Site "Doha QAT"]
[Date "2016.12.29"]
[Round "4.7"]
[White "Yu, Yangyi"]
[Black "Dreev, Aleksey"]
[Result "1-0"]
[WhiteTitle "GM"]
[BlackTitle "GM"]
[WhiteElo "2729"]
[BlackElo "2652"]
[WhiteFideId "8603820"]
[BlackFideId "4100107"]
[EventDate "2016.12.29"]

1. e4 c6 2. d4 d5 3. exd5 cxd5 4. Bd3 Nc6 5. c3 Qc7 6. Ne2 Bg4 7. O-O e6 8. Qe1
Bxe2 9. Qxe2 Nf6 10. Nd2 Bd6 11. g3 O-O 12. f4 Rae8 13. Nf3 Nd7 14. Bd2 f5 15.
Ne5 Nf6 16. Kh1 Ne4 17. Be3 a6 18. Rg1 Bxe5 19. fxe5 Qf7 20. Raf1 h5 21. c4 dxc4
22. Bxe4 Qd7 23. Bg2 b5 24. Qxh5 Nb4 25. Rd1 Nd3 26. Qe2 Rc8 27. Rgf1 Nb4 28. a3
Nd5 29. Bd2 Rfd8 30. Ba5 Re8 31. Bb4 Qf7 32. Bxd5 exd5 33. Qf3 g6 34. g4 1-0

[Event "World Blitz 2016"]
[Site "Doha QAT"]
[Date "2016.12.29"]
[Round "4.9"]
[White "Howell, David W L"]
[Black "Artemiev, Vladislav"]
[Result "0-1"]
[WhiteTitle "GM"]
[BlackTitle "GM"]
[WhiteElo "2644"]
[BlackElo "2653"]
[WhiteFideId "410608"]
[BlackFideId "24101605"]
[EventDate "2016.12.29"]

1. e4 c5 2. c3 d6 3. d4 Qc7 4. Nf3 Bg4 5. Nbd2 Nf6 6. h3 Bh5 7. Bb5+ Nbd7 8. e5
dxe5 9. dxe5 a6 10. Ba4 Nd5 11. e6 fxe6 12. O-O O-O-O 13. Qe2 Nf4 14. Qe3 Nb6
15. Bc2 Nbd5 16. Qe5 Qxe5 17. Nxe5 g5 18. Ndf3 Bg7 19. Re1 Bf6 20. Ng4 Bxg4 21.
hxg4 h5 22. Nh2 c4 23. Be4 Nd3 24. Rd1 hxg4 25. Nxg4 Rh4 26. f3 Rdh8 27. Kf1
Rh1+ 28. Ke2 Rxd1 29. Kxd1 Rh1+ 30. Kc2 Rg1 31. Bxd5 exd5 32. Ne3 e6 33. b3 Ne1+
34. Kd2 Nxg2 35. Ng4 Be7 36. bxc4 dxc4 37. Rb1 Nh4 38. Ke2 Bd6 39. Rb6 Bc7 40.
Rb1 Bf4 0-1

[Event "World Blitz 2016"]
[Site "Doha QAT"]
[Date "2016.12.29"]
[Round "4.13"]
[White "Ivanchuk, Vassily"]
[Black "Li, Chao b"]
[Result "1-0"]
[WhiteTitle "GM"]
[BlackTitle "GM"]
[WhiteElo "2747"]
[BlackElo "2720"]
[WhiteFideId "14100010"]
[BlackFideId "8604436"]
[EventDate "2016.12.29"]

1. b4 Nf6 2. Bb2 g6 3. e3 Bg7 4. c4 O-O 5. Nf3 d6 6. d3 e5 7. Be2 Nc6 8. b5 Ne7
9. Nc3 h6 10. O-O c5 11. bxc6 Nxc6 12. Qb3 b6 13. Nd2 Bb7 14. Ba3 Re8 15. Nde4
Nxe4 16. Nxe4 Re6 17. Nc3 Kh7 18. Rad1 f5 19. Nd5 Ne7 20. Rc1 Rc8 21. Bf3 Qd7
22. Rc2 h5 23. Rfc1 e4 24. dxe4 fxe4 25. Be2 Rf8 26. Bb2 Bxb2 27. Qxb2 Re5 28.
Nc3 Rg5 29. Nd5 Qf5 30. Nf4 Qf7 31. Rd1 d5 32. cxd5 Nxd5 33. Bc4 Rf5 34. Rcd2
Rd8 35. Qb3 g5 36. Nxd5 b5 37. Qxb5 Rc8 38. Bb3 Kh6 39. Qe2 a5 40. Nb6 1-0